000
00244nam a2200109Ia 4500
100
_a
Intel
942
_c
BK
654
_a
embedded
245
_a
8 Bit embedded controllers
260
_b
Intel literature corporation
_a
US
_c
1991
546
_a
ENGLISH
999
_c
32182
_d
32182